[Event "Titled Tuesday intern op 13th Feb Late"]
[Site "Chess.com INT"]
[Date "2024.02.13"]
[Round "4"]
[White "Muradli, Mahammad"]
[Black "Degenbaev, Aziz"]
[Result "0-1"]
[WhiteElo "2555"]
[BlackElo "2227"]
[PlyCount "100"]
[EventDate "2024.02.13"]
[EventType "swiss (blitz)"]
[EventRounds "11"]
[EventCountry "USA"]
[SourceTitle "CB08_2024"]
[SourceDate "2024.02.21"]
[SourceVersion "1"]
[SourceVersionDate "2024.02.21"]
[SourceQuality "1"]

1. c4 Nf6 2. Nc3 g6 3. e4 d6 4. d4 Bg7 5. Be2 0-0 6. Be3 e5 7. d5 Na6 8. Nf3 Nc5 9. Nd2 a5 10. a3 a4 11. Bxc5 dxc5 12. Nxa4 b6 13. b4 Bd7 14. Nc3 Qe7 15. bxc5 Qxc5 16. a4 c6 17. 0-0 cxd5 18. exd5 Rfc8 19. Nb5 e4 20. Qb3 Bxb5 21. cxb5 Qxd5 22. Nc4 Qe6 23. Rac1 Nd7 24. Qa3 Bf8 25. Qa2 Nc5 26. a5 Rxa5 27. Qb1 Ra4 28. Ne3 Rd8 29. Bc4 Qe5 30. Rcd1 Rd4 31. Qc2 h5 32. g3 Rxd1 33. Rxd1 Ra1 34. Rxa1 Qxa1+ 35. Kg2 Qd4 36. Qa2 Qf6 37. Qa8 Kg7 38. Qd5 h4 39. Kg1 Bd6 40. Qd1 h3 41. Bf1 Nd3 42. Bxd3 exd3 43. Qxd3 Bc5 44. Nd1 Qa1 45. Qc3+ Qxc3 46. Nxc3 Kf6 47. Kf1 Ke5 48. Ke2 Kd4 49. Nd1 Kc4 50. Kf3 Kxb5 0-1

[Event "Titled Tuesday intern op 23rd Jan Late"]
[Site "Chess.com INT"]
[Date "2024.01.23"]
[Round "2"]
[White "Chigaev, Maksim"]
[Black "Degenbaev, Aziz"]
[Result "1-0"]
[WhiteElo "2622"]
[BlackElo "2227"]
[PlyCount "75"]
[EventDate "2024.01.23"]
[EventType "swiss (blitz)"]
[EventRounds "11"]
[EventCountry "USA"]
[SourceTitle "CB05_2024"]
[SourceDate "2024.01.31"]
[SourceVersion "1"]
[SourceVersionDate "2024.01.31"]
[SourceQuality "1"]

1. d4 Nf6 2. c4 g6 3. Nc3 Bg7 4. e4 d6 5. Be2 0-0 6. Nf3 e5 7. 0-0 Bg4 8. d5 a5 9. h3 Bxf3 10. Bxf3 Na6 11. Bg5 h6 12. Be3 Nc5 13. a3 b6 14. Rb1 h5 15. b4 Ncd7 16. Qc2 Nh7 17. Nb5 Bf6 18. c5 dxc5 19. bxc5 Bg5 20. d6 cxd6 21. cxd6 Bxe3 22. fxe3 Nc5 23. Be2 Ng5 24. Bc4 Rc8 25. Bd5 Ncxe4 26. Qd3 Ng3 27. Qxg6+ Kh8 28. Qh6+ Nh7 29. Rxf7 Rxf7 30. Bxf7 Qg5 31. Qxg5 Nxg5 32. d7 Rd8 33. Be8 N3e4 34. Na7 Nc5 35. Nc6 Rxd7 36. Bxd7 Nxd7 37. Rd1 Nc5 38. Nxe5 1-0

[Event "Belt and Road op 3rd"]
[Site "Qinhuangdao"]
[Date "2023.11.19"]
[Round "2"]
[White "Degenbaev, Aziz"]
[Black "Yuan, Qingyu"]
[Result "1/2-1/2"]
[WhiteElo "2242"]
[BlackElo "2380"]
[PlyCount "80"]
[EventDate "2023.11.19"]
[EventType "swiss"]
[EventRounds "9"]
[EventCountry "CHN"]
[SourceTitle "CB48_2023"]
[SourceDate "2023.11.29"]
[SourceVersion "1"]
[SourceVersionDate "2023.11.29"]
[SourceQuality "1"]

1. c4 Nf6 2. g3 e6 3. Bg2 d5 4. Nf3 dxc4 5. Qa4+ Nbd7 6. Qxc4 a6 7. Qc2 c5 8. 0-0 Ra7 9. Rd1 b6 10. d4 Bb7 11. Nc3 cxd4 12. Nxd4 Bxg2 13. Kxg2 Qa8+ 14. e4 Bb4 15. f3 Rc7 16. Nde2 0-0 17. a3 Be7 18. b4 b5 19. Bf4 Rc6 20. Qb3 Nb6 21. a4 bxa4 22. Nxa4 Nxa4 23. Qxa4 Qb7 24. Rdb1 h6 25. b5 axb5 26. Rxb5 Rb6 27. Rxb6 Qxb6 28. Qa7 Qb4 29. Qa5 Qb3 30. Qa4 Qd3 31. Qa6 Qd8 32. Qa5 Qd3 33. Qa6 Qc2 34. Ra2 Qb3 35. Qa4 Qb1 36. Ra1 Qd3 37. Qa6 Qd8 38. Qa5 g5 39. Qxd8 Rxd8 40. Be3 Kg7 1/2-1/2

[Event "Titled Tuesday intern op 14th Nov Early"]
[Site "Chess.com INT"]
[Date "2023.11.14"]
[Round "4"]
[White "Degenbaev, Aziz"]
[Black "Gruzman, Ilya"]
[Result "0-1"]
[WhiteElo "2242"]
[BlackElo "2151"]
[PlyCount "58"]
[EventDate "2023.11.14"]
[EventType "swiss (blitz)"]
[EventRounds "11"]
[EventCountry "USA"]
[SourceTitle "CB47_2023"]
[SourceDate "2023.11.22"]
[SourceVersion "1"]
[SourceVersionDate "2023.11.22"]
[SourceQuality "1"]

1. e4 c5 2. Nf3 e6 3. g3 d5 4. exd5 exd5 5. Bg2 Nc6 6. 0-0 Bd6 7. d4 Nf6 8. Bg5 Be6 9. Nc3 0-0 10. Re1 Rc8 11. Nb5 Be7 12. dxc5 Bxc5 13. c3 h6 14. Bf4 Qb6 15. Nbd4 Qxb2 16. Rb1 Qxa2 17. Rxb7 Ne4 18. Be3 Nxc3 19. Qd3 Ne4 20. Re2 Qa1+ 21. Rb1 Qa3 22. Rb3 Qa5 23. Rb5 Qa6 24. Nxc6 Rxc6 25. Ne5 Rcc8 26. Bxc5 Rxc5 27. Rxc5 Nxc5 28. Qf3 Qa1+ 29. Bf1 Bh3 0-1

[Event "Titled Tuesday intern op 14th Nov Early"]
[Site "Chess.com INT"]
[Date "2023.11.14"]
[Round "3"]
[White "Devaev, Alexander"]
[Black "Degenbaev, Aziz"]
[Result "0-1"]
[WhiteElo "2325"]
[BlackElo "2242"]
[PlyCount "66"]
[EventDate "2023.11.14"]
[EventType "swiss (blitz)"]
[EventRounds "11"]
[EventCountry "USA"]
[SourceTitle "CB47_2023"]
[SourceDate "2023.11.22"]
[SourceVersion "1"]
[SourceVersionDate "2023.11.22"]
[SourceQuality "1"]

1. Nf3 Nf6 2. c4 g6 3. Nc3 Bg7 4. e4 d6 5. d4 0-0 6. h3 a6 7. a4 Nbd7 8. Bg5 c5 9. d5 h6 10. Be3 Qa5 11. Bd2 Qc7 12. Be2 e6 13. dxe6 fxe6 14. e5 dxe5 15. Qc2 g5 16. h4 g4 17. Nh2 h5 18. Nf1 Nb8 19. Ng3 Nc6 20. 0-0 Nd4 21. Qd1 Bd7 22. Bd3 Bc6 23. Bg5 Qf7 24. Qb1 e4 25. Ncxe4 Nxe4 26. Bxe4 Bxe4 27. Qxe4 Nf5 28. Rae1 Bd4 29. Nxf5 exf5 30. Qe6 Rae8 31. Qh6 Bg7 32. Qd6 Qxc4 33. Rxe8 Rxe8 0-1

[Event "Titled Tuesday intern op 26th Sep Early"]
[Site "Chess.com INT"]
[Date "2023.09.26"]
[Round "6"]
[White "Degenbaev, Aziz"]
[Black "Grochal, Joey"]
[Result "1/2-1/2"]
[WhiteElo "2242"]
[BlackElo "2241"]
[PlyCount "159"]
[EventDate "2023.09.26"]
[EventType "swiss (blitz)"]
[EventRounds "11"]
[EventCountry "USA"]
[SourceTitle "EXT 2024"]
[Source "ChessBase"]
[SourceDate "2023.10.10"]
[SourceVersion "1"]
[SourceVersionDate "2023.10.10"]
[SourceQuality "1"]

1. e4 e5 2. Nf3 Nc6 3. Bc4 Bc5 4. b4 Bxb4 5. c3 Ba5 6. d4 exd4 7. 0-0 Nf6 8. e5 d5 9. exf6 dxc4 10. fxg7 Rg8 11. Bg5 Qd5 12. Bf6 Be6 13. Nxd4 Nxd4 14. Qxd4 Qxd4 15. cxd4 Bd5 16. Na3 Kd7 17. Nc2 Ke6 18. Ne3 Kxf6 19. Nxd5+ Kxg7 20. Rac1 c6 21. Ne7 Rge8 22. Nf5+ Kf6 23. Nd6 Re2 24. Nxb7 Bb6 25. Rxc4 Rxa2 26. Rxc6+ Kg7 27. d5 Re8 28. Nd6 Re5 29. g4 f6 30. Nf5+ Kg6 31. d6 Ree2 32. d7 Rad2 33. Nd6 Bd8 34. h4 Re6 35. h5+ Kg7 36. Nf5+ Kf7 37. Nh6+ Ke7 38. Nf5+ Kxd7 39. Rxe6 Kxe6 40. Re1+ Kd5 41. Re8 Bb6 42. Ne3+ Bxe3 43. Rxe3 a5 44. Ra3 Ke5 45. Rxa5+ Kf4 46. Ra4+ Kg5 47. Kg2 f5 48. Kg3 fxg4 49. Rxg4+ Kxh5 50. Ra4 Rd5 51. f4 Kg6 52. Kg4 h5+ 53. Kf3 Kf5 54. Ra3 Rb5 55. Re3 Ra5 56. Rb3 Rc5 57. Kg3 Ra5 58. Rb4 Ra3+ 59. Kh4 Rf3 60. Rb5+ Kxf4 61. Kxh5 Rh3+ 62. Kg6 Rg3+ 63. Kf6 Kf3 64. Rb3+ Kg2 65. Rb2+ Kh3 66. Kf5 Rg2 67. Rb1 Rg3 68. Kf4 Rg4+ 69. Kf3 Rg3+ 70. Kf4 Rg4+ 71. Kf5 Rg3 72. Rb2 Rg2 73. Rb8 Rf2+ 74. Ke4 Kg3 75. Rg8+ Kh3 76. Ke3 Rf7 77. Rg1 Rf6 78. Ke2 Rf7 79. Rf1 Rxf1 80. Kxf1 1/2-1/2

[Event "Titled Tuesday intern op 19th Sep Early"]
[Site "Chess.com INT"]
[Date "2023.09.19"]
[Round "8"]
[White "Degenbaev, Aziz"]
[Black "Shuvalov, Evgenij"]
[Result "1-0"]
[WhiteElo "2242"]
[BlackElo "2073"]
[PlyCount "97"]
[EventDate "2023.09.19"]
[EventType "swiss (blitz)"]
[EventRounds "11"]
[EventCountry "USA"]
[SourceTitle "EXT 2024"]
[Source "ChessBase"]
[SourceDate "2023.10.10"]
[SourceVersion "1"]
[SourceVersionDate "2023.10.10"]
[SourceQuality "1"]

1. e4 e6 2. d4 d5 3. Nc3 Bb4 4. Qd3 Nf6 5. e5 Ne4 6. Nge2 c5 7. a3 Ba5 8. dxc5 Nd7 9. b4 Nxe5 10. Qd4 Bc7 11. Nxe4 dxe4 12. Qxe4 a5 13. Bb2 Ng6 14. Rd1 Qe7 15. Bxg7 f5 16. Qd4 e5 17. Qc4 Qxg7 18. Qb5+ Kf8 19. Ng3 h5 20. c6 b6 21. bxa5 Rxa5 22. Qb4+ Qe7 23. Bc4 Rxa3 24. Qd2 h4 25. Ne2 Kg7 26. 0-0 e4 27. Qc1 Ra5 28. Nd4 Qe5 29. f4 Qc5 30. Qb2 Kh6 31. Bf7 Bxf4 32. Bxg6 Be3+ 33. Kh1 Kxg6 34. Nb3 Qf8 35. Nxa5 bxa5 36. Qe5 Bg5 37. Rd6+ Bf6 38. Qf4 Rg8 39. c7 Qe7 40. Rc6 Kf7 41. Qh6 Rg7 42. Qh5+ Rg6 43. h3 e3 44. Re1 Qe4 45. Qh7+ Rg7 46. Qh5+ Ke7 47. Qf3 Qxf3 48. gxf3 Kd7 49. Rxf6 1-0

[Event "Titled Tuesday intern op 19th Sep Early"]
[Site "Chess.com INT"]
[Date "2023.09.19"]
[Round "3"]
[White "Hrebenshchykova, Yelyzaveta"]
[Black "Degenbaev, Aziz"]
[Result "0-1"]
[WhiteElo "2324"]
[BlackElo "2242"]
[PlyCount "80"]
[EventDate "2023.09.19"]
[EventType "swiss (blitz)"]
[EventRounds "11"]
[EventCountry "USA"]
[SourceTitle "EXT 2024"]
[Source "ChessBase"]
[SourceDate "2023.10.10"]
[SourceVersion "1"]
[SourceVersionDate "2023.10.10"]
[SourceQuality "1"]

1. e4 c5 2. Nf3 d6 3. Nc3 Nf6 4. d4 cxd4 5. Nxd4 a6 6. Bg5 e6 7. Qf3 Be7 8. 0-0-0 Nbd7 9. Be2 Qc7 10. Kb1 0-0 11. g4 b5 12. a3 Rb8 13. Bc1 b4 14. axb4 Rxb4 15. g5 Ne8 16. Nf5 Ne5 17. Nxe7+ Qxe7 18. Qg3 Bb7 19. f4 Nd7 20. h4 Nc5 21. Bf3 Nc7 22. Rhe1 Nb5 23. Nxb5 axb5 24. e5 d5 25. c3 Ra4 26. h5 Rfa8 27. g6 fxg6 28. hxg6 h6 29. Be3 b4 30. Qf2 b3 31. Kc1 Ra1+ 32. Kd2 R1a2 33. Rb1 Na4 34. Kc1 Nxc3 35. bxc3 Rxf2 36. Bxf2 Ra2 37. Bd4 Qa3+ 38. Kd1 Ra1 39. Ke2 Qa2+ 40. Kf1 Rxb1 0-1

[Event "Titled Tuesday intern op 19th Sep Early"]
[Site "Chess.com INT"]
[Date "2023.09.19"]
[Round "9"]
[White "Molina, Roberto Junio Brito"]
[Black "Degenbaev, Aziz"]
[Result "1-0"]
[WhiteElo "2381"]
[BlackElo "2242"]
[PlyCount "87"]
[EventDate "2023.09.19"]
[EventType "swiss (blitz)"]
[EventRounds "11"]
[EventCountry "USA"]
[SourceTitle "EXT 2024"]
[Source "ChessBase"]
[SourceDate "2023.10.10"]
[SourceVersion "1"]
[SourceVersionDate "2023.10.10"]
[SourceQuality "1"]

1. d4 Nf6 2. c4 g6 3. Nc3 Bg7 4. e4 d6 5. f3 0-0 6. Be3 c5 7. dxc5 dxc5 8. Qxd8 Rxd8 9. Bxc5 Nc6 10. Rd1 Be6 11. Nd5 Kf8 12. Ne2 b6 13. Ba3 Rac8 14. Nef4 Bxd5 15. cxd5 g5 16. Nh3 g4 17. Nf4 gxf3 18. gxf3 Ne5 19. Be2 Bh6 20. Nd3 Nc4 21. Bb4 Ne3 22. Bd2 Rc2 23. Bc3 Nh5 24. Nb4 Nxd1 25. Nxc2 Nxc3 26. bxc3 Nf4 27. Bf1 Rc8 28. c4 e6 29. Nd4 exd5 30. exd5 Re8+ 31. Kf2 Nxd5 32. Nf5 Be3+ 33. Nxe3 Nxe3 34. Bd3 f5 35. Rg1 Kf7 36. h3 f4 37. Bxh7 Rd8 38. Ke2 Nxc4 39. Rg4 Rd2+ 40. Ke1 Rxa2 41. Bg8+ Kf8 42. Bxc4 Rh2 43. Bf1 Rh1 44. Kf2 1-0

[Event "Titled Tuesday intern op 19th Sep Early"]
[Site "Chess.com INT"]
[Date "2023.09.19"]
[Round "11"]
[White "Parfenov, Viktor N"]
[Black "Degenbaev, Aziz"]
[Result "0-1"]
[WhiteElo "2193"]
[BlackElo "2242"]
[PlyCount "94"]
[EventDate "2023.09.19"]
[EventType "swiss (blitz)"]
[EventRounds "11"]
[EventCountry "USA"]
[SourceTitle "EXT 2024"]
[Source "ChessBase"]
[SourceDate "2023.10.10"]
[SourceVersion "1"]
[SourceVersionDate "2023.10.10"]
[SourceQuality "1"]

1. e4 c5 2. Nf3 d6 3. Bb5+ Nd7 4. d4 cxd4 5. Nxd4 a6 6. Bd3 g6 7. c4 Bg7 8. Be3 Ngf6 9. Nc3 0-0 10. 0-0 Ne5 11. f3 Nxd3 12. Qxd3 Bd7 13. Rac1 Rc8 14. Nd5 Nxd5 15. cxd5 Qa5 16. a3 b5 17. b4 Qa4 18. h3 Rc4 19. Rxc4 bxc4 20. Qxc4 Qxa3 21. Bf2 Rc8 22. Qb3 Qxb3 23. Nxb3 Rb8 24. Be1 Ba4 25. Na5 Bb5 26. Nc6 Re8 27. Bh4 Bxf1 28. Kxf1 f6 29. Ke2 Kf7 30. Kd3 e6 31. Kc4 exd5+ 32. Kxd5 f5 33. Bg3 Be5 34. Nxe5+ dxe5 35. Bxe5 Rc8 36. exf5 gxf5 37. g4 Kg6 38. h4 h5 39. gxh5+ Kxh5 40. Ke6 Rc4 41. Bd6 f4 42. Kd5 Rc3 43. Ke4 Rc6 44. Kd5 Rb6 45. Bc5 Rb5 46. Kc6 Kxh4 47. Bd6 Kg3 0-1

[Event "Titled Tuesday intern op 12th Sep Early"]
[Site "Chess.com INT"]
[Date "2023.09.12"]
[Round "5"]
[White "Melikhov, Evgeny V"]
[Black "Degenbaev, Aziz"]
[Result "0-1"]
[WhiteElo "2208"]
[BlackElo "2242"]
[PlyCount "72"]
[EventDate "2023.09.12"]
[EventType "swiss (blitz)"]
[EventRounds "11"]
[EventCountry "USA"]
[SourceTitle "EXT 2024"]
[Source "ChessBase"]
[SourceDate "2023.10.10"]
[SourceVersion "1"]
[SourceVersionDate "2023.10.10"]
[SourceQuality "1"]

1. d4 Nf6 2. c4 g6 3. Nc3 Bg7 4. e4 d6 5. f3 0-0 6. Be3 c5 7. Nge2 Nc6 8. d5 Ne5 9. Ng3 h5 10. Be2 a6 11. a4 e6 12. Bg5 Qb6 13. Ra3 Nh7 14. Rb3 Qc7 15. Be3 f5 16. Qd2 h4 17. Nf1 fxe4 18. Nxe4 h3 19. Rg1 b5 20. f4 Nxc4 21. Bxc4 bxc4 22. Ra3 Bb7 23. gxh3 exd5 24. Ng5 d4 25. Ne6 Qe7 26. Nxf8 Nxf8 27. Kd1 dxe3 28. Rxe3 Qd7 29. h4 Qxa4+ 30. Ke1 Qa1+ 31. Kf2 Qxb2 32. Qxb2 Bxb2 33. h5 Bd4 34. hxg6 c3 35. f5 c2 36. Nd2 Re8 0-1

[Event "Titled Tuesday intern op 12th Sep Early"]
[Site "Chess.com INT"]
[Date "2023.09.12"]
[Round "9"]
[White "Nguyen, Hong Nhung"]
[Black "Degenbaev, Aziz"]
[Result "1-0"]
[WhiteElo "1888"]
[BlackElo "2242"]
[PlyCount "107"]
[EventDate "2023.09.12"]
[EventType "swiss (blitz)"]
[EventRounds "11"]
[EventCountry "USA"]
[SourceTitle "EXT 2024"]
[Source "ChessBase"]
[SourceDate "2023.10.10"]
[SourceVersion "1"]
[SourceVersionDate "2023.10.10"]
[SourceQuality "1"]

1. e4 c5 2. Nc3 d6 3. f4 g6 4. Nf3 Bg7 5. Bc4 Nc6 6. 0-0 e6 7. d3 Nge7 8. Qe1 0-0 9. f5 gxf5 10. Qh4 fxe4 11. dxe4 Ng6 12. Qh5 Nce5 13. Be2 Nxf3+ 14. Rxf3 Qh4 15. Qxh4 Nxh4 16. Rd3 Be5 17. Nb5 b6 18. c4 Bb7 19. Nxd6 Bxd6 20. Rxd6 Bxe4 21. Bg5 Nf5 22. Rd7 f6 23. Bf4 Rfd8 24. Rc7 e5 25. Bg3 Rd2 26. Re1 Nd4 27. Bf1 Bg6 28. Bh4 Ne6 29. Re7 Re8 30. Rxe8+ Bxe8 31. Bxf6 Nd4 32. Bxe5 Bc6 33. Bxd4 cxd4 34. Re2 Rd1 35. Kf2 d3 36. Re3 Rd2+ 37. Kg3 Rxb2 38. Rxd3 Rxa2 39. Rd6 Be8 40. Bd3 Ra3 41. Kh4 Kg7 42. g4 Rc3 43. Kg5 Bf7 44. Rd7 Kf8 45. Kf6 Be8 46. Rxh7 Kg8 47. Re7 Rxd3 48. Rxe8+ Kh7 49. Re7+ Kg8 50. Rxa7 Rd4 51. g5 Rxc4 52. Ra8+ Kh7 53. g6+ Kh6 54. Rh8# 1-0

[Event "Titled Tuesday intern op 05th Sep Early"]
[Site "Chess.com INT"]
[Date "2023.09.05"]
[Round "7"]
[White "Degenbaev, Aziz"]
[Black "Gharibyan, Mamikon"]
[Result "1-0"]
[WhiteElo "2242"]
[BlackElo "2495"]
[PlyCount "139"]
[EventDate "2023.09.05"]
[EventType "swiss (blitz)"]
[EventRounds "11"]
[EventCountry "USA"]
[SourceTitle "EXT 2024"]
[Source "ChessBase"]
[SourceDate "2023.10.10"]
[SourceVersion "1"]
[SourceVersionDate "2023.10.10"]
[SourceQuality "1"]

1. e4 c5 2. Nf3 e6 3. d4 cxd4 4. Nxd4 a6 5. c4 Qc7 6. Nc3 Nf6 7. a3 b6 8. f4 d6 9. Bd3 Bb7 10. f5 e5 11. Nb3 Nbd7 12. 0-0 h5 13. Kh1 Be7 14. Bd2 h4 15. Rc1 Nc5 16. Nxc5 dxc5 17. Nd5 Bxd5 18. cxd5 b5 19. Qe2 c4 20. Bb1 Qb7 21. Bc3 Bd6 22. Rcd1 Kf8 23. Be1 Qe7 24. Bc2 Ne8 25. a4 Bc5 26. b3 Nd6 27. bxc4 bxc4 28. Rb1 a5 29. Qg4 Qf6 30. Bd2 Qd8 31. Bg5 f6 32. Bxh4 Qe8 33. Bg3 Qh5 34. Qxh5 Rxh5 35. Bf2 Bb4 36. Be1 Rb8 37. g3 Ke7 38. Kg2 Rhh8 39. Bf2 Rb7 40. g4 Rhb8 41. h4 Nf7 42. Kf3 Kd6 43. Be3 Bc5 44. Bd2 Bb4 45. Be3 Bc5 46. Bd2 Rb2 47. Bxa5 Bd4 48. Rxb2 Rxb2 49. Rc1 Ra2 50. Bb4+ Kc7 51. Bf8 Nh6 52. Bxg7 Ra3+ 53. Ke2 Nxg4 54. Bd3 c3 55. Kf3 Ne3 56. Bxf6 Kd6 57. h5 c2 58. h6 Nxd5 59. h7 Rxd3+ 60. Ke2 Re3+ 61. Kd2 Bc3+ 62. Kxc2 Re2+ 63. Kb3 Rb2+ 64. Kc4 Rb4+ 65. Kd3 Rd4+ 66. Kc2 Rd2+ 67. Kb3 Rb2+ 68. Ka3 Rh2 69. h8Q Rxh8 70. Bxh8 1-0

[Event "Titled Tuesday intern op 05th Sep Early"]
[Site "Chess.com INT"]
[Date "2023.09.05"]
[Round "9"]
[White "Degenbaev, Aziz"]
[Black "Masruri, Rahman"]
[Result "0-1"]
[WhiteElo "2242"]
[BlackElo "2299"]
[PlyCount "90"]
[EventDate "2023.09.05"]
[EventType "swiss (blitz)"]
[EventRounds "11"]
[EventCountry "USA"]
[SourceTitle "EXT 2024"]
[Source "ChessBase"]
[SourceDate "2023.10.10"]
[SourceVersion "1"]
[SourceVersionDate "2023.10.10"]
[SourceQuality "1"]

1. e4 e6 2. Nf3 d5 3. e5 c5 4. b4 cxb4 5. a3 Nc6 6. axb4 Bxb4 7. c3 Bf8 8. d4 Nge7 9. Bd3 g6 10. Na3 Bg7 11. h4 h6 12. Nb5 0-0 13. h5 Bd7 14. Nd6 g5 15. Bxg5 hxg5 16. h6 Ng6 17. hxg7 Kxg7 18. Nxb7 Qe7 19. Nd6 Rh8 20. Rg1 g4 21. Nd2 Qg5 22. Kf1 Nf4 23. Ba6 Raf8 24. Rb1 Na5 25. Ra1 Nc6 26. Rb1 Rb8 27. Rb7 Rxb7 28. Bxb7 Na5 29. Ba6 Rb8 30. Rh1 Rb6 31. Bc8 Bxc8 32. Nxc8 Rb2 33. Nd6 Nd3 34. N2e4 dxe4 35. Nxe4 Qc1 36. Qxc1 Nxc1 37. g3 Nd3 38. Rh4 Rb1+ 39. Ke2 Nc1+ 40. Kd2 Ncb3+ 41. Kc2 Rc1+ 42. Kb2 Re1 43. Rxg4+ Kf8 44. Nd6 Nd2 45. Kc2 Ndc4 0-1

[Event "Titled Tuesday intern op 05th Sep Early"]
[Site "Chess.com INT"]
[Date "2023.09.05"]
[Round "4"]
[White "Degenbaev, Aziz"]
[Black "Shevchenko, Kirill"]
[Result "0-1"]
[WhiteElo "2242"]
[BlackElo "2677"]
[PlyCount "51"]
[EventDate "2023.09.05"]
[EventType "swiss (blitz)"]
[EventRounds "11"]
[EventCountry "USA"]
[SourceTitle "EXT 2024"]
[Source "ChessBase"]
[SourceDate "2023.10.10"]
[SourceVersion "1"]
[SourceVersionDate "2023.10.10"]
[SourceQuality "1"]

1. e4 e5 2. Nf3 Nc6 3. d4 exd4 4. Nxd4 Nf6 5. Nxc6 bxc6 6. e5 Qe7 7. Qe2 Nd5 8. h4 Rb8 9. c4 Qb4+ 10. Nd2 Nf4 11. Qe3 Ne6 12. Bd3 d5 13. exd6 Bxd6 14. 0-0 Bf4 15. Qe2 0-0 16. a3 Qe7 17. Nf3 Qf6 18. Qe4 g6 19. Bc2 c5 20. Bxf4 Nxf4 21. Qe5 Qxe5 22. Nxe5 Rxb2 23. Ba4 Bb7 24. g3 Nh3+ 25. Kh2 Nxf2 26. Nd7 0-1

[Event "Titled Tuesday intern op 05th Sep Early"]
[Site "Chess.com INT"]
[Date "2023.09.05"]
[Round "5"]
[White "Toropov, Pavel"]
[Black "Degenbaev, Aziz"]
[Result "0-1"]
[WhiteElo "2336"]
[BlackElo "2242"]
[PlyCount "194"]
[EventDate "2023.09.05"]
[EventType "swiss (blitz)"]
[EventRounds "11"]
[EventCountry "USA"]
[SourceTitle "EXT 2024"]
[Source "ChessBase"]
[SourceDate "2023.10.10"]
[SourceVersion "1"]
[SourceVersionDate "2023.10.10"]
[SourceQuality "1"]

1. e4 c5 2. Nf3 d6 3. Bb5+ Nd7 4. d4 cxd4 5. Qxd4 Ngf6 6. Nc3 g6 7. Bg5 Bg7 8. Nd5 0-0 9. Bxd7 Nxd5 10. Qxd5 Bxd7 11. c3 Bc6 12. Qd3 d5 13. e5 Qb6 14. 0-0-0 Rfe8 15. Rhe1 Rac8 16. Nd4 Ba4 17. Rd2 Qa5 18. Kb1 Qc7 19. f4 e6 20. Bf6 Bxf6 21. exf6 Qxf4 22. Rf1 Qh6 23. Nf3 e5 24. Qxd5 Bc6 25. Qd6 e4 26. Ne1 e3 27. Rd4 e2 28. Rff4 Qxh2 29. Kc1 Qg1 30. Kd2 Re6 31. Qa3 Qe3+ 32. Kc2 Rce8 33. Qa5 Qg1 34. Qg5 Qxe1 35. Qh6 Qd1+ 36. Rxd1 exd1Q+ 37. Kxd1 Rd8+ 38. Rd4 Rxd4+ 39. cxd4 Rxf6 40. Qg5 Rd6 41. Qe5 Rd5 42. Qe3 h5 43. Kd2 h4 44. Kc3 Rd8 45. Qe7 Rc8 46. Kd2 Bxg2 47. Qxh4 Bd5 48. b3 Kg7 49. Qg5 Be6 50. Qe5+ Kg8 51. Ke3 Rd8 52. Kf4 Rd5 53. Qb8+ Kg7 54. Ke3 Ra5 55. a4 Bxb3 56. Qxb7 Bxa4 57. Qc7 Rh5 58. Qxa7 Bc6 59. Qc7 Bd5 60. Kf2 Be6 61. Ke3 Rh3+ 62. Kf2 g5 63. Kg2 Rh4 64. Qe5+ Kg6 65. d5 Bf5 66. Qd6+ f6 67. Qe7 Be4+ 68. Kg3 Bxd5 69. Qe8+ Bf7 70. Qa8 Rd4 71. Qa7 Rd3+ 72. Kf2 Be6 73. Qa6 Bf5 74. Qc4 g4 75. Qg8+ Kh5 76. Qg7 g3+ 77. Kg1 Be4 78. Qh8+ Kg4 79. Qg7+ Kf5 80. Qh7+ Ke5 81. Qe7+ Kd5 82. Qd7+ Kc4 83. Qe6+ Kd4 84. Qxf6+ Ke3 85. Qg5+ Ke2 86. Qh5+ Bf3 87. Qe8+ Kd2 88. Qe5 Re3 89. Qxg3 Re1+ 90. Kh2 Be4 91. Qf4+ Kd3 92. Qg3+ Ke2 93. Qf4 Rh1+ 94. Kg3 Rg1+ 95. Kh4 Kd3 96. Qd6+ Ke2 97. Qd5 Bxd5 0-1

[Event "Titled Tuesday intern op 05th Sep Early"]
[Site "Chess.com INT"]
[Date "2023.09.05"]
[Round "2"]
[White "Zakhartsov, Vladimir"]
[Black "Degenbaev, Aziz"]
[Result "0-1"]
[WhiteElo "2526"]
[BlackElo "2242"]
[PlyCount "56"]
[EventDate "2023.09.05"]
[EventType "swiss (blitz)"]
[EventRounds "11"]
[EventCountry "USA"]
[SourceTitle "EXT 2024"]
[Source "ChessBase"]
[SourceDate "2023.10.10"]
[SourceVersion "1"]
[SourceVersionDate "2023.10.10"]
[SourceQuality "1"]

1. e4 e6 2. d4 d5 3. Nd2 Nc6 4. Ngf3 Nf6 5. e5 Nd7 6. Bb5 a6 7. Ba4 b5 8. Bb3 f6 9. exf6 Qxf6 10. c3 Bd6 11. Nf1 0-0 12. Ng3 Ne7 13. 0-0 c6 14. Re1 e5 15. Ne4 Qg6 16. Nxd6 Qxd6 17. Nxe5 Nxe5 18. Rxe5 Ng6 19. Re1 Qf6 20. f3 Nh4 21. Bc2 Bh3 22. gxh3 Nxf3+ 23. Kh1 Nxe1 24. Qxe1 Qf3+ 25. Kg1 Rae8 26. Be3 Rxe3 27. Qh4 g6 28. Re1 Re2 0-1

[Event "Titled Tuesday intern op 29th Aug Early"]
[Site "Chess.com INT"]
[Date "2023.08.29"]
[Round "10"]
[White "Adewumi, Tanitoluwa"]
[Black "Degenbaev, Aziz"]
[Result "1-0"]
[WhiteElo "2277"]
[BlackElo "2242"]
[PlyCount "173"]
[EventDate "2023.08.29"]
[EventType "swiss (blitz)"]
[EventRounds "11"]
[EventCountry "USA"]
[SourceTitle "EXT 2024"]
[Source "ChessBase"]
[SourceDate "2023.10.10"]
[SourceVersion "1"]
[SourceVersionDate "2023.10.10"]
[SourceQuality "1"]

1. e4 e6 2. d4 d5 3. exd5 exd5 4. Nf3 Nc6 5. Nc3 Bb4 6. Bd3 Nf6 7. 0-0 0-0 8. Bg5 Be6 9. Ne2 h6 10. Bh4 Bg4 11. c3 Bxf3 12. gxf3 Bd6 13. Bc2 g5 14. Bg3 Nh5 15. Qd3 f5 16. Rae1 Ne7 17. f4 Ng6 18. Qf3 Nhxf4 19. Bxf4 Nxf4 20. Nxf4 Bxf4 21. Re6 Kg7 22. Qh5 Rf6 23. Rfe1 Bd6 24. Bxf5 Qf8 25. Bd3 Qf7 26. Qxf7+ Kxf7 27. Rxf6+ Kxf6 28. Kg2 Rf8 29. h3 h5 30. Be2 Rh8 31. Bf3 c6 32. Bd1 Kf5 33. Re3 g4 34. hxg4+ hxg4 35. Bc2+ Kg5 36. Re6 Bf4 37. Rg6+ Kh4 38. Bf5 Bg5 39. Rg7 Kh5 40. Rxb7 Rf8 41. Be6 Bh6 42. Rf7 Re8 43. Rf5+ Kg6 44. Bf7+ Kxf5 45. Bxe8 Bc1 46. b3 Bb2 47. Bxc6 Bxc3 48. Bxd5 Bxd4 49. Kg3 Bc5 50. Bc6 a5 51. Bd7+ Ke4 52. Bxg4 Kd3 53. Be6 Kc3 54. f4 Kb2 55. Kg4 Bb4 56. a4 Kc3 57. f5 Be7 58. Kh5 Kd4 59. Kg6 Ke5 60. Bc4 Bf6 61. b4 axb4 62. a5 Bd8 63. a6 Bb6 64. f6 Kd4 65. f7 Bc5 66. a7 Kxc4 67. a8Q b3 68. Qe4+ Kc3 69. Qe5+ Kb4 70. Qxc5+ Kxc5 71. f8Q+ Kc4 72. Qf2 Kc3 73. Qe3+ Kc2 74. Qe4+ Kc3 75. Qc6+ Kd2 76. Qd5+ Kc2 77. Qc4+ Kb2 78. Kf5 Ka3 79. Qa6+ Kb2 80. Ke4 Kc3 81. Qa5+ Kc2 82. Qc5+ Kb1 83. Kd3 b2 84. Qc2+ Ka1 85. Qa4+ Kb1 86. Kc3 Kc1 87. Qc2# 1-0